1390 1917 1491 1074 1019 1039 1506 1756 1855 1058 1607 1644 1107 1742 1448 1666 1809 1982 1123 1792 1836 1251 1599 1492 1311 1096 1531 1626 1644 1090 1921 1932 1338 1030 1968 1605 1654 1144 1863 1707 1186 1091 1544 1355 1086 1280 1202 1737 1123 1001 1588 1895 1462 1495 1676 1498 1004 1580 1307 1736 1381 1400 1226 1122 1903 1441 1730 1733 1374 1516 1429 1913 1604 1982 1427 1304 1733 1391 1841 1308 1638 1235 1083 1559 1196 1508 1088 1058 1913 1603 1757 1148 1613 1448 1054 1197 1505 1059 1401 BCNSPRNW ULIB Ver.6.0+V

เปลี่ยนเป็นภาษาไทย

Change to English
 แสดงรายละเอียดบรรณานุกรม
  กลับหน้าหลัก

Brief Record : Get Marc (ISO 2709) : E-mail record : QR code < ปิดหน้าต่าง
LEADER : 00000nam 2200000uu 4500
001    13399111995
003     ULIB
008    110719s2550||||th 000 0 tha d
020    9747503197
024    9789747503197
090    นว.^bส731ร 2550
100 0   สิรินดา&วิลีวิไล
245 00  รักเธอ..Super Model/^cสิรินดา&วิลีวิไล
250     พิมพ์ครั้งที่ 2
260     กรุงเทพฯ :^bแจ่มใส,^c2550
300     231 หน้า
945    ^p169^l0^i021047
995     เกษร
999     ^aใช้งานได้ทุกระบบ
รายการนี้ยังไม่มีแท็ก
คุณยังไม่ได้ล็อกอิน คุณสามารถมีกิจกรรมร่วมกับเว็บไซต์ได้ แต่ต้องล็อกอินก่อน ::
  ล็อกอิน

รายการสื่อสารสนเทศ

ลำดับที่ ประเภท เลขเรียก/บาร์โค้ด สถานที่ สถานะ
1. นวนิยาย
นวนิยาย
นว. ส731ร 2550  
  Barcode: 021047
ห้องสมุดวิทยาเขตสวรรค์ประชารักษ์
►นวนิยาย
บนชั้น
  ขอยืม

BibComment


ยังไม่เคยถูกคอมเมนท์

คอมเมนท์ทรัพยากรรายการนี้
  คอมเมนท์: รักเธอSuper Mode..


 Copyright 2026. Bcnsprnw @Library